[Event "Taby"]
[Site "Taby"]
[Date "1994.??.??"]
[Round "?"]
[White "Agrest, Evgenij"]
[Black "Engqvist, Thomas"]
[Result "1-0"]
[WhiteElo "2475"]
[BlackElo "2440"]
[Annotator "Agrest,E"]
[PlyCount "71"]
[EventDate "1994.??.??"]
[EventType "game"]
[EventRounds "1"]
[EventCountry "SWE"]
[SourceTitle "CBM 044"]
[Source "ChessBase"]
[SourceDate "1995.02.01"]
[SourceVersion "1"]
[SourceVersionDate "1995.02.01"]
[SourceQuality "1"]

1. d4 d5 2. c4 c6 3. Nc3 Nf6 4. e3 g6 5. Nf3 Bg7 6. cxd5 cxd5 (6... Nxd5 7. e4
$14) 7. Bb5+ Nbd7 $6 $146 (7... Nc6 8. Ne5 $14) (7... Bd7 $5) 8. Qb3 e6 (8...
a6 9. Bd3 Nb8 (9... Nb6 10. a4 $1) 10. Ne5 $36) 9. O-O O-O 10. Bd3 $1 $14 b6 (
10... Nb8 $5) 11. Bd2 Bb7 12. Rfc1 Ne4 13. Be1 Nd6 (13... Nxc3 14. Rxc3 $14) (
13... Ndf6 14. Nb5 $1) 14. Nb5 Nc4 (14... Nxb5 15. Bxb5 $14) 15. Bb4 (15. Bxc4
dxc4 16. Qxc4 Bxf3 17. gxf3 Qg5+ 18. Kh1 (18. Kf1 Qh5 19. Kg2 Qg5+) 18... Qh5
19. Qc6 (19. Qe2 Ne5 $1 $40) 19... Rac8 20. Qxc8 Qxf3+ 21. Kg1 Qg4+ 22. Kf1
Qh3+ 23. Ke2 Qh5+ 24. Kd2 Rxc8 25. Rxc8+ Bf8 $13) 15... Re8 16. Nd6 Nxd6 17.
Bxd6 Bf8 18. Bg3 $1 Nf6 19. a4 $1 (19. Bb5 Re7 20. Bh4 Bg7) 19... Bd6 20. Bh4
Kg7 (20... Be7 $32) 21. Ne5 Re7 22. Qd1 $1 $40 Rc7 23. Rxc7 Qxc7 24. Rc1 Qd8
25. Qf3 Be7 26. g4 $1 h6 $8 27. g5 hxg5 28. Bxg5 Rc8 29. Rxc8 Qxc8 30. Qf4 Qd8
(30... Qc1+ 31. Kg2 Qxb2 32. Bxf6+ Bxf6 33. Ng4 Bd8 (33... Be7 34. Qc7) 34. Qb8
Qc3 $8 35. Qxd8 Qxd3 36. Qf6+ Kf8 37. Nh6 Qe4+ 38. Kg3 $18) 31. Qh4 $18 Qe8 (
31... Ng8 32. Nxf7 $1 Kxf7 (32... Bxg5 33. Nxg5 Nh6 34. Qxh6+) 33. Qh7+ Kf8 34.
Bxg6) 32. Bb5 (32. Qh6+ Kg8 33. Bxg6 fxg6 34. Nxg6 {/\ Qh8,Ne5#}) 32... Qd8 33.
Qf4 Qh8 (33... a6 34. Nc6 Qd7 35. Nxe7 Qxe7 36. Qh4 Qd8 37. Bf4 Qe7 38. Be5 Qd8
) (33... Qd6 34. Be8 Qb4 35. Bxf7 Qe1+ 36. Kg2 Ba6 37. Bh6+ Kh8 (37... Kh7 38.
Bxg6+ Kg8 39. Bd3) 38. Nxg6+ Kh7 39. Nxe7 Qf1+ 40. Kg3 Qg1+ 41. Kh4 $18) 34.
Ng4 Nxg4 (34... Qd8 35. Qe5) 35. Bxe7 f5 36. f3 (36. f3 Nh6 37. Bf6+ Kxf6 38.
Qe5+) 1-0

[Event "Dortmund op-A"]
[Site "Dortmund"]
[Date "1992.??.??"]
[Round "7"]
[White "Azmaiparashvili, Zurab"]
[Black "Bischoff, Klaus"]
[Result "1-0"]
[WhiteElo "2610"]
[BlackElo "2495"]
[Annotator "Anand,V"]
[PlyCount "107"]
[EventDate "1992.04.??"]
[EventType "swiss"]
[EventRounds "11"]
[EventCountry "GER"]
[SourceTitle "CBM 029"]
[Source "ChessBase"]
[SourceDate "1992.08.01"]
[SourceVersion "1"]
[SourceVersionDate "1992.08.01"]
[SourceQuality "1"]

1. c4 {Ernst} c5 2. Nf3 g6 3. e3 Bg7 4. Nc3 Nf6 5. d4 O-O 6. Be2 cxd4 7. exd4
d5 8. O-O Nc6 9. Bg5 {A reversed Tarrasch} Be6 10. Rc1 (10. cxd5 {Ernst} Bxd5
11. Nxd5 Qxd5 12. Qa4 Ne4 13. Be3 Nd6 14. Rac1 Nf5 15. Bc4 Qd6 16. Rfd1 a6 $15
{Xu Jun - Ljubojevic, Dubai (ol) 1986.}) 10... h6 (10... dxc4 {Ernst} 11. Bxf6
Bxf6 12. d5 Bxc3 13. dxe6 Bxb2 14. exf7+ Rxf7 15. Bxc4 $1 Bxc1 16. Qxc1 $40) (
10... Ne4 $1 {Ernst} 11. Bh4 Nxc3 12. bxc3 Na5 13. cxd5 Bxd5 $10) 11. Bxf6 Bxf6
12. Qd2 Bg7 13. Rfd1 Qd6 (13... Bg4 14. cxd5 (14. Nxd5 Bxf3 15. Bxf3 Nxd4)
14... Bxf3 15. Bxf3 (15. dxc6 Bxc6) 15... Nxd4 $10) 14. Qe3 Rad8 15. a3 g5 16.
b4 $16 {Black cannot disentangle easily} Qf4 17. b5 Na5 18. c5 Bf5 19. Na4 Be4
20. Nb2 e6 21. Qc3 Bxf3 22. Bxf3 b6 23. g3 Qf6 24. Be2 Rc8 25. c6 Rc7 26. Rd2
Rfc8 27. Nd1 Qd8 28. Ne3 Qd6 29. Rf1 Nxc6 30. bxc6 Rxc6 31. Qb4 Qxb4 32. axb4
a5 33. bxa5 bxa5 34. Kg2 Rc1 35. Rxc1 Rxc1 36. Rc2 Rxc2 37. Nxc2 f5 38. Kf3 Kf7
39. Ke3 g4 40. Kd3 h5 41. Kc3 h4 42. gxh4 e5 43. Bb5 exd4+ 44. Nxd4 Be5 45. h5
Kf6 46. Kd3 Bxh2 47. h6 Be5 48. h7 Kg5 49. Bd7 f4 50. Ne6+ Kh6 51. Nxf4 Kxh7
52. Ne2 Kh6 53. Bxg4 a4 54. Be6 1-0

[Event "Moscow Aeroflot op-A"]
[Site "Moscow"]
[Date "2005.02.22"]
[Round "8"]
[White "Rustemov, Alexander"]
[Black "Atalik, Suat"]
[Result "0-1"]
[WhiteElo "2598"]
[BlackElo "2560"]
[Annotator "Atalik,S"]
[PlyCount "102"]
[EventDate "2005.02.15"]
[EventType "swiss"]
[EventRounds "9"]
[EventCountry "RUS"]
[SourceTitle "CBM 106"]
[Source "ChessBase"]
[SourceDate "2005.06.06"]
[SourceVersion "1"]
[SourceVersionDate "2005.06.06"]
[SourceQuality "1"]

1. d4 d5 2. c4 c6 3. Nc3 Nf6 4. e3 g6 $5 {Schlechter Slav was abandonned long
time ago by most of the serious players due to its passive nature.However
before my game with Azmaiparashvili in Calvia I have taken a fresh look at
this opening and came up with some new ideas.} 5. Nf3 Bg7 6. Be2 O-O 7. O-O a5
$5 {Ragozin played this.} (7... dxc4 8. Bxc4 Bg4 9. h3 Bxf3 10. Qxf3 Nbd7 11.
Rd1 e5 12. d5 e4 13. Nxe4 Nxe4 14. Qxe4 Nb6 15. Bb3 cxd5 16. Bxd5 Nxd5 17. Rxd5
Qb6 $44 {is not to everyone's taste.}) 8. cxd5 (8. Bd2 Ne4 $1 {since bishop
occupies d2 square now this move is possible.} 9. Be1 b6 $5 (9... Nxc3 10. bxc3
dxc4 11. Bxc4 Bg4 12. h3 Bxf3 13. Qxf3 Nd7 $14) 10. Nxe4 (10. Qb3 dxc4 11. Bxc4
Nd6 12. Bd3 Na6 13. Ne4 c5 $132) (10. cxd5 cxd5 11. Rc1 Nxc3 12. bxc3 Ba6 13.
c4 dxc4 14. Bxc4 b5 $132) (10. Bd3 Nxc3 11. Bxc3 (11. bxc3 Ba6) 11... Ba6 12.
b3 e6 $14) 10... dxe4 11. Nd2 (11. Ng5 e5 12. Nxe4 exd4 13. exd4 Bxd4 $11)
11... f5 $13 {looks playable to me.}) ({And after} 8. b3 Bf5 $13 {since now
white does not have Qb3, bishops sortie is playable.}) 8... cxd5 9. Bd2 Nc6 10.
Qb3 Ne4 11. Rfd1 (11. Rfc1 $6 Nxd2 12. Nxd2 e5 13. dxe5 d4 $17 {and the
position opens to black's favor.}) 11... Nxc3 $1 {In the true spirit of
Gruenfeld Defence.The knight now is more valueable than a bishop.} 12. bxc3 {
An ambitious move but later in the game he could never push his pawn to c4.} (
12. Bxc3 a4 $1 (12... Qd6 13. Qb6 Bd7 14. Rac1 $14) 13. Qb5 Bf5 14. Rac1 (14.
Nh4 Be6) 14... Qd7 $11) 12... a4 13. Qb5 (13. Qa3 Bf5 14. c4 dxc4 15. Bxc4 Qd7
16. Bc3 (16. Bb5 Be4) 16... Rfc8 $132) 13... Qd6 $1 {A very important move
which makes Bd7 possible.} 14. Ne1 $6 {He wants to play without c4 which
looked very strange to me during the game.} (14. c4 dxc4 15. Bxc4 Bd7 16. Qd5 (
16. Qb2 b5 $1 17. Bd3 h6 $1 {Cutting Ng5-e4 out.} 18. Rac1 Rab8 $13) 16... Qxd5
17. Bxd5 Bf5 18. Rac1 Rfc8 $13) 14... Bd7 15. Qb1 Rfb8 16. Nd3 (16. e4 $6 {
makes white's center shaky.} e5 $36 (16... dxe4 17. Qxe4 Bf5 18. Qh4 e5 $40))
16... Bf5 17. Qb5 Ra5 18. Qb2 b5 $15 {Black's opening strategy so far showed
its success.} 19. Nb4 (19. Nc5 Ra7 20. Bf3 $140 $2 Ne5) 19... Ra7 20. Nxc6 {
Draw offer.} Qxc6 {Why to accept a draw?} 21. Be1 h5 $1 {In order to prove his
advantage black has to expand his kingside.} 22. h3 Qd7 23. Qd2 (23. c4 $2 dxc4
24. Bxc4 e5 25. dxe5 Qc7 $17) 23... Bh6 24. Bd3 (24. f4 Rc7) (24. f3 Qe6 25.
Bf2 h4 26. Bd3 Bxd3 27. Qxd3 Rc7 28. e4 Bg5 29. Re1 dxe4 30. Rxe4 Qc4 31. Qxc4
Rxc4 $17) 24... g5 $6 {In the heat of the battle such decisions are justified.}
(24... Bxd3 25. Qxd3 Qf5 26. Qe2 Rc7 $17 {was keeping the adavantage.}) 25. f3
g4 26. hxg4 hxg4 27. Bg3 Rb6 28. Kf2 $1 (28. f4 $6 Rc7 29. Rab1 $15 {was
tenacious.}) 28... Raa6 (28... Rg6 29. Rab1 Rb7 30. Rh1 Bxd3 31. Qxd3 Bg7 32.
Rh5 Rbb6 33. Rbh1 gxf3 34. gxf3 Rh6 $11) 29. Rh1 $2 {He lost the control in
the game for a second time.After my mistake on the 24th move he could have
equalised by combining an attack on both wings.} (29. Rab1 Bxd3 30. Qxd3 Re6
31. Be5 $1 (31. Re1 Rab6) 31... Rab6 32. Rh1 Rg6 33. Rh5 Bg7 34. Rbh1 Rh6 $11)
29... Rg6 30. Rh5 Bxd3 31. Qxd3 gxf3 32. gxf3 Raf6 33. Rh4 $6 {After it is
impossible to defend with white.} (33. Rah1 $142 {is trickier.} Qg4 (33...
Rxf3+ $2 34. Kxf3 Qg4+ 35. Kf2 Qxg3+ 36. Ke2 Kg7 37. Kd2 Qg2+ 38. Qe2 Bxe3+ 39.
Kd1 Qe4 40. Rh7+ Kg8 41. Rh8+ Kg7 42. R8h7+ $11) 34. Bf4 Rxf4 35. exf4 Qg2+ 36.
Ke1 Bxf4 37. Kd1 (37. Qxb5 $2 Qd2+ 38. Kf1 Qc1+ 39. Kf2 Be3+ 40. Ke2 Qd2+ 41.
Kf1 Qf2#) (37. Rh8+ $2 Kg7 38. R1h7+ Kf6 $19) 37... e6 38. Rh8+ Kg7 39. R1h7+
Kf6 40. Qe2 Qxe2+ 41. Kxe2 Rg2+ 42. Kf1 Rxa2 $19) 33... Bg5 34. Rh2 $8 Qg4 $19
{Black has a vicious attack now.} 35. Bf4 $8 Rxf4 (35... Bxf4 $4 36. fxg4 Bxh2+
37. Ke2 (37. Kg2 $2 Rxg4+ 38. Kh1 Bd6 $19) 37... Rxg4 38. Qxb5 Rg2+ 39. Kd3 e6
40. Qxa4 Rff2 41. c4 dxc4+ 42. Kxc4 $18) 36. exf4 Bh4+ (36... Qxf4 $2 37. Rah1)
37. Ke2 Re6+ (37... Qxf4 $2 38. Rah1 Re6+ 39. Kd1 Re3 40. Rg1+ Kf8 41. Qh7 Ke8
42. Qg8+ Kd7 43. Qg4+ Qxg4 44. fxg4 $132) 38. Kf1 Qxf4 {Both sides played
bunch of forced moves but now white is confined to the first two ranks.} 39.
Rg2+ (39. Re2 Rg6 40. Qe3 (40. Rg2 Bg3 41. Ke2 Re6+ 42. Kf1 Kf8 $1 $19 {
Preparing 43...Re3.} (42... Re3 $4 43. Rxg3+ Kf8 44. Qh7 Rxf3+ 45. Rxf3 Qxf3+
46. Ke1 Qxc3+ 47. Ke2 $18)) 40... Qf5 $1 $19) 39... Bg3 40. Kg1 Rh6 $1 (40...
Re3 $2 41. Qd2 Kh8 (41... Qxf3 $4 42. Rf1 Qe4 43. Qf2 $18) 42. Rf1 $15) 41. Rb1
(41. Rd1 {looks trickier.} Qh4 42. Kf1 Qh1+ 43. Rg1 Qh3+ 44. Rg2 Rf6 45. Qe3
Qh1+ 46. Qg1 Rxf3+ 47. Ke2 Qh5 48. Kd2 Qg6 49. Kc1 a3 50. Rc2 e6 51. Qg2 Rxc3
$1 $19) 41... Qh4 42. Kf1 Qh1+ 43. Rg1 Qh3+ 44. Rg2 Rf6 $3 $19 {This was the
whole point in black's play.} (44... Rg6 45. f4 $1 $11) 45. Qe3 $8 ({Only after
} 45. Kg1 Rg6 46. Rbb2 (46. Qf1 Kf8 $1 47. Rxb5 Rh6 $19) 46... Bh2+ 47. Kf1 Bf4
$19) (45. f4 Qh1+ $19) 45... Qh1+ 46. Qg1 Rxf3+ 47. Ke2 Qh5 {He should have
resigned here.} 48. Kd2 Qg6 $1 {Not allowing white's king to hide.} 49. Rd1 a3
$1 {Another exact move.} (49... Qd3+ 50. Kc1 Qxc3+ 51. Kb1 e6 $19 {is winning
but the text cuts the game shorter.}) (49... Rd3+ $2 50. Kc2 Rxd4+ 51. Kb2 Rg4
52. Rxd5 $132) 50. Re1 Rd3+ 51. Kc2 Re3+ {White is losing the house!} 0-1

[Event "Moscow op 01st"]
[Site "Moscow"]
[Date "2005.02.26"]
[Round "2"]
[White "Sharma, Dinesh Kumar"]
[Black "Atalik, Suat"]
[Result "1/2-1/2"]
[WhiteElo "2388"]
[BlackElo "2560"]
[Annotator "Atalik,S"]
[PlyCount "61"]
[EventDate "2005.02.25"]
[EventType "swiss"]
[EventRounds "9"]
[EventCountry "RUS"]
[SourceTitle "CBM 106"]
[Source "ChessBase"]
[SourceDate "2005.06.06"]
[SourceVersion "1"]
[SourceVersionDate "2005.06.06"]
[SourceQuality "1"]

1. d4 d5 2. c4 c6 3. Nf3 Nf6 4. e3 g6 {The Schlechter Slav. Impressed by the
performances of WGM Elena Sedina and IM John Donaldson I have added it to my
repertoire.} 5. h3 $5 Bg7 6. Nc3 O-O 7. Bd3 c5 $1 {Now black is ready to play
the Tarrasch Defence with colors reversed.} 8. dxc5 $6 {A very stupid move!} (
8. O-O cxd4 9. exd4 Nc6 10. Re1 dxc4 11. Bxc4 Na5 12. Bf1 b6 $14 {Black should
not be really worse in this set up.}) 8... dxc4 ({I could not make this one
work} 8... Na6 $6 9. cxd5 Nxd5 10. Nxd5 Qxd5 11. Bxa6 Qxd1+ 12. Kxd1 bxa6 13.
e4 Bb7 14. e5 Bxf3+ (14... Rab8 15. Ke2 Rfc8 16. Be3 Bxf3+ 17. Kxf3 Bxe5 18.
Rab1 $1 $44) 15. gxf3 Bxe5 16. Rb1 Rab8 17. Ke2 Rfc8 18. Be3 Bxb2 19. Rhd1 $44
{because at the end of this lines white's c pawn becomes very strong.}) 9. Bxc4
Qxd1+ 10. Kxd1 Nbd7 11. Ke2 Nxc5 12. Bd2 Bd7 (12... Nce4 13. Rac1 $1) ({or} 
12... Nfe4 13. Rac1 $1 {and white keeps the balance.}) 13. Rac1 Rfc8 14. Ne5
Be8 15. Nd3 e6 16. Nxc5 Rxc5 17. Bd3 Nd5 18. Nxd5 $5 {This looked bad during
the game however Shaorma did not hesitate to exchange more pieces.} (18. Ne4
Rc6 $11) 18... Rxd5 19. Rc2 $6 {Sharma started to create difficulties for
himself by chosing passive play.} ({Even} 19. Bc3 Rad8 20. Bxg7 Kxg7 21. Rhd1
Rxd3 22. Rxd3 Bb5 23. Rcc3 $11 {is possible.}) 19... Bc6 $1 (19... Rad8 20. Bc4
Rc5 21. Rhc1 Rdc8 22. b3 Bb5 23. a4 $1 $11) 20. e4 Rxd3 {I have thought I have
brought some life into the game but this fails short.} 21. Kxd3 Rd8+ (21...
Bb5+ $2 22. Ke3 Rd8 23. Kf3 Bd3 24. Rc7 $18) 22. Ke3 Bd4+ (22... Bh6+ 23. f4 e5
24. g3 f5 25. Rhc1 (25. Rxc6 bxc6 26. exf5 exf4+ 27. gxf4 Bxf4+ 28. Kxf4 Rxd2
29. fxg6 hxg6 30. Rc1 Rxb2 31. Rxc6 Rxa2 32. Rxg6+ $11) 25... exf4+ 26. gxf4
Bxe4 (26... fxe4 27. Rxc6 bxc6 28. Rxc6 Rd3+ 29. Ke2 Rxh3 30. Rc8+ Kf7 31. Rc7+
Ke6 32. Rxa7 Rh2+ 33. Ke3 Bxf4+ 34. Kxf4 Rxd2 35. Rxh7 $11)) 23. Kf3 f5 24.
Rxc6 $1 bxc6 25. exf5 Bxb2 26. Be3 exf5 {I wanted to get rid of my week pawn
on e6.} (26... gxf5 27. Rb1 Be5 28. Rb7 a5 29. Re7 $44) 27. Rb1 (27. Bxa7 Rd3+
28. Be3 Ra3 29. Rd1 Rxa2 30. Rd7 $44) 27... Be5 28. Rc1 $1 {After this black
can not even win a pawn.} (28. Bxa7 $2 Rd3+ 29. Be3 Ra3 30. g3 Rxa2 31. Rb7 $44
) 28... Rd3 29. Rxc6 Ra3 30. Rc2 $11 {Well timed.} Bd4 (30... f4 31. Ke4 fxe3
32. Kxe5 exf2 33. Rxf2 Kg7 $11) 31. g4 {Very safe. I had to accept his draw
offer.} (31. Rc8+ Kf7 32. Rc7+ Kf6 33. Rxh7 $11) (31. g4 fxg4+ 32. hxg4 Bxe3
33. fxe3 g5 $11) 1/2-1/2

[Event "Lasker Memorial"]
[Site "Berlin"]
[Date "2000.05.02"]
[Round "4"]
[White "Atalik, Suat"]
[Black "Saltaev, Mihail"]
[Result "1/2-1/2"]
[WhiteElo "2575"]
[BlackElo "2462"]
[Annotator "Atalik,S"]
[PlyCount "85"]
[EventDate "2000.04.29"]
[EventType "tourn"]
[EventRounds "9"]
[EventCountry "GER"]
[EventCategory "9"]
[SourceTitle "EXT 2002"]
[Source "ChessBase"]
[SourceDate "2001.11.25"]
[SourceVersion "1"]
[SourceVersionDate "2001.11.25"]
[SourceQuality "1"]

1. d4 d5 2. c4 c6 3. Nc3 Nf6 4. e3 g6 5. Nf3 Bg7 6. cxd5 $6 (6. Bd3 $142) 6...
cxd5 7. Bb5+ Bd7 8. Qb3 Bxb5 9. Qxb5+ Qd7 10. Ne5 Qxb5 11. Nxb5 Na6 12. b3 Nd7
13. Nd3 Nb6 $2 (13... Ndb8 $1 $11) 14. Ba3 Kd7 15. Rc1 Rhc8 16. Kd2 (16. Nc5+
Nxc5 (16... Ke8 17. Nxa6 Rxc1+ 18. Bxc1 $18) (16... Kd8 17. Nxb7+ Ke8 18. Kd2
$18) 17. dxc5 a6 18. Nd4 (18. Nc3 Ke8) 18... Bf8 $3 19. cxb6 (19. f4 $2 e6) (
19. Ke2 e5 20. c6+ bxc6 21. Bxf8 Rxf8 (21... exd4 22. Bc5) 22. Nxc6 Rfe8 $14)
19... e5 20. Rxc8 Rxc8 21. Bxf8 Rc1+ 22. Ke2 (22. Kd2 Rxh1 23. Nf3 e4 24. Ne5+
Ke6 25. Nc6 Rxh2 26. Nd8+ Kd7 27. Nxb7 Kc6 28. Nd8+ Kxb6 $13) 22... Rxh1 23.
Nf3 f6 $13) 16... Rc6 17. f4 f6 $2 (17... f5 18. Ne5+ Bxe5 19. dxe5 e6 20. Nd6
Rb8 $16) 18. g4 e6 19. g5 $16 Nc8 20. gxf6 $6 (20. h4 $16) 20... Bxf6 21. Ne5+
Bxe5 22. fxe5 Ne7 23. Bxe7 Kxe7 24. Nd6 Rxc1 25. Rxc1 Rf8 26. Ke2 b6 27. Nc8+ (
27. h4 Kd7 28. h5 gxh5 29. Rg1 Nc7 30. Rg7+ Kc6 31. Rxh7 Rg8 $132) 27... Kd7
28. Nxa7 Nc7 29. a4 $6 (29. Rc6 Ra8 30. Rd6+ Ke8 31. Nc6 Rxa2+ 32. Kf3 Ra8 33.
Kg4 (33. Kf4 h6 34. h4 b5 35. e4 dxe4 36. Kxe4 $40) 33... h6 34. h4 b5 35. Nb4
Ra3 $132) (29. Nc6 Na6) 29... Ra8 30. Nc6 b5 (30... Na6 $2 31. b4 Rc8 32. b5
Nb4 33. Rf1 Nxc6 34. bxc6+ Kxc6 35. Rf6 Re8 36. Rf7 Ra8 37. Rxh7 $18 (37. Re7
Rxa4 38. Rxe6+ $16) 37... Rxa4 38. Re7 Ra2+ 39. Kf3 Rxh2 40. Rxe6+ Kb5 41. Rxg6
$18) 31. axb5 (31. a5 Na6 32. Kd2 Rf8 $44) 31... Nxb5 (31... Ra2+ $2 32. Kf3
Nxb5 33. Nb8+ Kd8 34. Rc6 Ke7 35. Rc5 $18) 32. Nb4 (32. Rc5 Ra2+ 33. Kd3 Nc7)
32... Ra3 33. Rc5 Nc7 34. Rc3 Nb5 35. Rd3 $2 (35. Rc5 $11) 35... Ra1 36. Kf3
Ra3 37. h4 h6 38. Nc2 Ra2 39. Ne1 Rb2 40. Kg3 $6 (40. Ng2 g5 41. hxg5 hxg5 42.
Kg3 Ke7) 40... Na7 41. Nf3 Nc6 42. Kf4 Ne7 (42... Nb4 43. Rd1 Rxb3 44. Ra1 Nd3+
45. Kg3) 43. Rc3 (43. Rc3 Nf5 44. e4 dxe4 $1 (44... Ne7 45. Re3 dxe4 46. Rxe4
Rxb3 47. Re1 Nd5+ 48. Kg3 $11) 45. Kxe4 Ne7 46. d5 Nxd5 47. Rd3 $17) 1/2-1/2

[Event "Belgrade Summer GM 1st"]
[Site "Belgrade"]
[Date "2018.06.26"]
[Round "2"]
[White "Soysal, Serkan"]
[Black "Atalik, Suat"]
[Result "1/2-1/2"]
[WhiteElo "2412"]
[BlackElo "2512"]
[Annotator "Atalik,S"]
[PlyCount "51"]
[EventDate "2018.06.25"]
[EventType "tourn"]
[EventRounds "9"]
[EventCountry "YUG"]
[EventCategory "7"]
[SourceTitle "CBM 186"]
[Source "ChessBase"]
[SourceDate "2018.09.14"]
[SourceVersion "1"]
[SourceVersionDate "2018.09.14"]
[SourceQuality "1"]

1. d4 d5 2. c4 c6 3. Nf3 Nf6 4. e3 g6 5. Nc3 Bg7 6. Be2 O-O 7. O-O Bg4 $5 8.
cxd5 (8. h3 Bxf3 9. Bxf3 e6 $5 {is solid.}) 8... cxd5 (8... Nxd5 9. h3 Bxf3 10.
Bxf3 e6) 9. Qb3 (9. h3 Bxf3 (9... Bd7 $5) 10. Bxf3 Nc6) 9... b6 10. h3 Bc8 (
10... Bxf3 11. Bxf3 e6 12. Bd2 Nc6 $14) 11. Bd2 Bb7 $6 {Wrong move order.} (
11... Nc6 12. Rfc1 Bb7 13. a4 (13. Be1 e6 14. a4 $140 $6 Qe7) 13... Rb8 $14)
12. a4 $5 Ne4 (12... a6 13. Rfc1 Nbd7 14. Na2 a5 {did not appeal to me.}) 13.
a5 Nxd2 14. Nxd2 e5 $5 {Wrong but may be the best under the circumstances.} 15.
dxe5 d4 (15... Bxe5 16. Nf3 Bxc3 17. Qxc3 Nd7 18. b4 $16) 16. exd4 $2 (16. Nb5
$1 Nd7 (16... Bxe5 17. Bf3 Bxf3 18. Nxf3 Bf6 19. Nbxd4 bxa5 20. Qc3 $16) 17. f4
Nc5 18. Qa3 $16) 16... Nc6 17. Nf3 (17. a6 Bc8 (17... Nxd4 $2 18. axb7 Nxb3 19.
bxa8=Q Qxa8 20. Nxb3)) (17. d5 Nd4 18. Qd1 Bxe5 $44) 17... Nxd4 18. Nxd4 Qxd4
19. axb6 (19. a6 Bc8) 19... axb6 20. Rxa8 Bxa8 21. Rd1 (21. Bc4 Bxe5 22. Bd5) (
21. e6 fxe6 22. Qxe6+ Kh8 {exposes f2.}) 21... Qxe5 22. Qxb6 Qg5 23. Bf1 Be5
24. Qe3 Qf6 $6 (24... Bf4 25. Qd3 (25. Qe2) 25... Bc7 $44) ({It is easy to
spot the best move} 24... Qxe3 $1 {but rather difficult to accept that you are
still worse.} 25. fxe3 Rb8 (25... f5 26. Rd7 Rb8 27. Bc4+ Kh8 28. Bd5 Rxb2) 26.
Rd2 Kg7 $44 (26... f5 27. Bc4+ Kg7 28. Nb5 Kf6 $44)) 25. Nd5 $6 (25. Bc4 Rc8 (
25... Rb8 26. Rd7) 26. Ba2 $36) 25... Bxd5 26. Rxd5 (26. Rxd5 Bxb2 $11) 1/2-1/2

[Event "Hoogeveen Essent op"]
[Site "Hoogoveen"]
[Date "2005.10.29"]
[Round "9"]
[White "Ernst, Sipke"]
[Black "Atalik, Suat"]
[Result "1/2-1/2"]
[WhiteElo "2473"]
[BlackElo "2620"]
[Annotator "Atalik,S"]
[PlyCount "76"]
[EventDate "2005.10.21"]
[EventType "swiss"]
[EventRounds "9"]
[EventCountry "NED"]
[SourceTitle "EXT 2006"]
[Source "ChessBase"]
[SourceDate "2005.11.24"]
[SourceVersion "1"]
[SourceVersionDate "2005.11.24"]
[SourceQuality "1"]

1. d4 d5 2. c4 c6 3. Nf3 Nf6 4. e3 g6 $5 {Once again I have reacted on this
closed line by Schlechter's system.} 5. Nc3 Bg7 6. Bd3 (6. Be2 O-O 7. O-O a5 $5
$13 {is my brainchild.}) 6... O-O 7. h3 $5 {White wants to play a reversed
Tarrasch with tempo.} ({After the normal} 7. O-O Bg4 8. h3 Bxf3 9. Qxf3 e6 10.
Rd1 Nbd7 11. Bf1 Nb6 12. b3 Nc8 $132) 7... c5 8. O-O Na6 $5 {A funny looking
move but I had to bring the game into some obscure positions after this slow
opening to finish the tournament with a better standing on the chart.} 9. a3 (
9. cxd5 cxd4) (9. Nxd5 $6 Nxd5 10. cxd5 Qxd5 (10... cxd4 11. Bxa6 bxa6 12. e4
e5 $13) 11. e4 Qd6 $36) 9... cxd4 ({Could I keep the tension by} 9... Bf5 $2
10. Nxd5 $1 Nxd5 11. e4 Bd7 12. cxd5 cxd4 13. Bxa6 bxa6 14. Nxd4 Qb6 15. Be3
Qxb2 16. Qd3 $16 {No it does not seem to be the case.}) 10. exd4 dxc4 11. Bxc4
Nc7 {Now we ended in the position I aimed when I have played 8...Na6.} 12. Qb3
$1 Nce8 {I did not want to sac a pawn.} (12... Be6 13. Bxe6 Nxe6 14. Qxb7 Nxd4
15. Nxd4 Qxd4 16. Qxe7 Nd5 17. Nxd5 Qxd5 $44) 13. Bf4 Nd6 14. d5 (14. Bxd6 Qxd6
15. Rad1 a6 (15... Bd7 16. Ne5 e6 17. Qxb7 Rab8 18. Qxa7 Rxb2 $44) 16. a4 b6
$14) 14... Nxc4 15. Qxc4 e6 $1 {A very important idea to keep the balance.} (
15... Bf5 16. Rfe1 $16) 16. d6 Bd7 17. Ne5 Rc8 18. Qb3 Bc6 19. Rfd1 (19. Nxc6
bxc6 20. Be5 Nd5 (20... Qb6 $5) 21. Bxg7 Kxg7 22. Ne4 f5 $17) 19... Nd5 20.
Nxd5 Bxd5 21. Rxd5 $1 {Eye for eye tooth for tooth.I did not fully appeciate
this tactical melee at once.} exd5 22. Qxd5 $44 Qf6 (22... Rc2 23. d7 $44) (
22... Qb6 23. b4 $44) (22... Bxe5 $5 23. Qxe5 $1 $44 (23. Bxe5 Qd7)) 23. d7 $1
(23. Bg3 $6 Qe6 24. Qxe6 (24. Rd1 $4 Rc1 $19) 24... fxe6 25. Rd1 Rf5 $13) 23...
Qxf4 (23... Rcd8 $2 24. Bg3 Qe6 25. Rd1 Qxd5 26. Rxd5 f6 27. Nd3 $1 {I did not
see knights detour at once.} Rf7 28. Nc5 b6 29. Bc7 $18) 24. dxc8=Q Rxc8 25.
Nd3 Qd2 $15 {Black has a better piece but the win looks remote.} 26. Re1 $1 Bf6
$5 {I decided to sac the queen to reach f2 but...} (26... Bf8 27. Re3 $11 (27.
Qf3 $2 Rd8 28. Rd1 Qc2 $17 {is an annoying pin.})) 27. Qf3 Kg7 28. Rd1 Qc2 29.
Rc1 Qxc1+ 30. Nxc1 Rxc1+ 31. Kh2 Bxb2 32. Qxb7 Bxa3 33. Qxa7 Bd6+ 34. g3 Bc5
35. Qc7 $1 $11 (35. Qa2 Rf1) 35... Rc2 36. Kh1 (36. g4 Rxf2+ 37. Kg3 Rc2 38.
Kf3 h6 39. Qe5+ Kh7 40. h4 Bf8 $11) 36... Rc1+ 37. Kg2 Rc2 38. Kh1 Rc1+ {
A good fighting game in the last round and a mediocre result in the tournament.
} 1/2-1/2